|
|
|
|
| LEADER |
00000nab a2200000uu 4500 |
| 001 |
vtls011497441 |
| 003 |
SK-MaSNL |
| 005 |
20260304001604.0 |
| 008 |
240911|1976 xo |||||||||||||||||slo| |
| 015 |
|
|
|a SNBRB
|
| 035 |
|
|
|a (urnnbn)urn:nbn:sk:snk:ar-0015n0
|
| 035 |
|
|
|a (uuid)dc5c6ea0-588e-476f-abf3-9a9cc3fe56c3
|
| 035 |
|
|
|a urn:nbn:sk:snk-abdspn
|
| 040 |
|
|
|a SNKBUCL
|b slo
|c SNKBUCL
|e AACR2
|
| 041 |
0 |
|
|a slo
|
| 044 |
|
|
|a xo
|c SK
|
| 100 |
1 |
|
|a Horák, Gejza,
|d 1919-2003
|4 aut
|9 104508
|
| 245 |
1 |
0 |
|a DOBRÉ SLOVO
|c Gejza Horák
|
| 773 |
0 |
|
|t Javisko
|g Roč. 8, č. 10 (1976), s. 305
|
| 958 |
|
|
|a OND
|
| 958 |
|
|
|a article20
|
| 999 |
|
|
|c 2537721
|d 2539651
|